| 000 | 00600nam a2200277Ia 4500 | ||
|---|---|---|---|
| 001 | Z_2536 | ||
| 003 | CHAP | ||
| 008 | 220113s1973 xx 000 0 und d | ||
| 010 | _a165595 | ||
| 040 | _cCHAP | ||
| 082 | _a574.5 B6 | ||
| 100 |
_aBoughey, Arthur S _914743 |
||
| 245 |
_aEcology of populations / _cpor Arthur S Boughey |
||
| 260 |
_aNew York : _bMacmillan, _c1973 |
||
| 300 | _a182 p. | ||
| 440 | _a | ||
| 500 | _a | ||
| 503 | _a62269-71 | ||
| 650 |
_aEcologĂa _935134 |
||
| 901 | _a574.5 B6 | ||
| 902 | _aA | ||
| 910 | _a1973 | ||
| 942 | _c1 | ||
| 942 | _cc1 | ||
| 999 |
_c165595 _d165595 |
||